000 00677cab a2200229 4500
001 WB3426-53
008 090401t1998 xxu||||| |||| 00| 0 eng d
035 _a(Sirsi) u87322
041 _aeng
245 _aRural economies
260 _c1998
350 _a0
490 _aMAFF News Release
_v(286/98) 6 July 1998 (4)
520 _aGovernment reveals more than £247m has been invested in the UK`s rural economy under the European funding programme, Objective 5b. Details.
650 _aAGRICULTURAL INVESTMENT
650 _aEUROPEAN FUNDING
650 _aOBJECTIVE 5B
650 _aRURAL ECONOMY
690 _aRURAL PRACTICE
942 _n0
948 _c10/07/1998
999 _c55077
_d55077